000 nam a22 a 4500
999 _c122797
_d122797
003 BLK
005 20220721123427.0
008 180409b bul|||||r ||||||| ||bul||
010 _aKNG00128444000
040 _aBLK
041 _aBUL
_cBUL
080 _aБългарска литература
_b821.163.2
_x-31
_z821.163.2-31
100 1 _aБарух, Виктор Сабат
_eпърви автор
_9372891
139 _aБарух, Виктор Сабат
_bБ 27
245 1 0 _aДеца на града
_bРоман
_cВиктор Сабат Барух.
257 _aBGR
260 _bБълг. писател
_c1973
_aСофия
300 _a135 с.
_c21 см
380 _aX
500 _a20 100 тир.
852 _aЦб 66506
_bЦб
856 4 _qpdf
856 4 _qpdf
942 _cKNG
_n0
_s1
944 _aCR
_c07.03.2012
_l07.03.2012 - от С1,Р / 07.03.2012
_kИрена_Русанова
944 _aED
_c07.03.2012
_l07.03.2012 - от С1,Р / 07.03.2012
999 _d122797